[Event "Memorial M.Chigorin (open)"]
[Site "St.Petersburg (Russia)"]
[Date "2005.10.20"]
[Round "6"]
[White "Kosov Igor (RUS)"]
[Black "Poleshchuk Alexey (RUS)"]
[Result "1/2-1/2"]
[WhiteElo "1664"]
[BlackElo "2050"]

1.d4 Nf6 2.c4 d6 3.Nc3 Bf5 4.f3 e5 5.dxe5 dxe5 6.Qxd8+ Kxd8 7.e4 Be6 8.Bg5 Nd7
9.O-O-O c6 10.f4 Bg4 11.Be2 Bxe2 12.Ngxe2 h6 13.Bh4 Be7 14.fxe5 Ng4 15.Bxe7+
Kxe7 16.e6 fxe6 17.Nf4 Nde5 18.Rd2 g5 19.h3 gxf4 20.hxg4 Nxc4 21.Rf2 Raf8
22.Ne2 e5 23.g3 Nd6 24.gxf4 Nxe4 25.Rff1 exf4 26.Nxf4 Rf6 27.Nd3 Rxf1+ 28.Rxf1
Nf6 29.Nf2 Rg8 30.Rh1 Rg6 31.Kd2 Kd6 32.Kd3 Ke5 33.Re1+ Kf4 34.Re7 Nxg4
35.Nxg4 Kxg4 36.Rxb7 h5 37.Rxa7 h4 38.Rh7 h3 39.a4 Kg3 40.a5 {#d} 1/2-1/2

[Event "Ch Belgium (team) 2005/06"]
[Site "Belgium"]
[Date "2005.10.23"]
[Round "2"]
[White "Brunner Nicolas (FRA)"]
[Black "Schalkx Johnny (BEL)"]
[Result "1/2-1/2"]
[WhiteElo "2392"]
[BlackElo "2274"]

1.d4 d6 2.c4 Nf6 3.Nc3 Bf5 4.f3 e5 5.d5 e4 6.Be3 h6 7.Nh3 Qe7 8.Qd2 Nbd7 9.Nf2
Ne5 10.Qc2 g6 11.Ncxe4 Nxe4 12.fxe4 Bd7 13.g3 Bg7 14.Bg2 b5 15.cxb5 Bxb5
16.Rd1 Rb8 17.b3 c5 18.dxc6 Bxc6 19.Qd2 Rd8 20.O-O h5 21.h3 O-O 22.Nd3 Qb7
23.Qb4 Qa8 24.Bf4 a5 25.Qd2 Bxe4 {#d} 1/2-1/2

[Event "It (open) (b)"]
[Site "Bosnjaci (Croatia)"]
[Date "2006.01.08"]
[Round "9"]
[White "Bobanac Miro (CRO)"]
[Black "Pandurevic Miro (CRO)"]
[Result "1/2-1/2"]
[WhiteElo "2299"]
[BlackElo "2263"]

1.d4 Nf6 2.c4 d6 3.Nc3 Bf5 4.f3 e5 5.dxe5 dxe5 6.Qxd8+ Kxd8 7.e4 Be6 8.Bd3
Nbd7 9.Bg5 c6 10.Nge2 h6 11.Be3 Bc5 12.Kf2 Ke7 13.Rhd1 Rhd8 14.b3 Bxe3+
15.Kxe3 Nc5 16.Bc2 a5 17.Rxd8 Rxd8 18.Rd1 Rd7 19.Nc1 Rxd1 20.Bxd1 Nfd7 21.Be2
Nb8 22.Nd3 Nxd3 23.Bxd3 Na6 24.Be2 Kd6 25.a3 Bd7 26.Bf1 Be6 27.Be2 Bd7 28.Bf1
Be6 29.Be2 {#d} 1/2-1/2

[Event "It (open)"]
[Site "Bad Woerishofen (Germany)"]
[Date "2006.03.20"]
[Round "4"]
[White "Hoeschele Hans-Ulrich (GER)"]
[Black "Koller Hubert (AUT)"]
[Result "1-0"]
[WhiteElo "2182"]
[BlackElo "2147"]

1.d4 d6 2.c4 Nf6 3.Nc3 Bf5 4.f3 Nbd7 5.e4 Bg6 6.Be3 c6 7.Qd2 Qc7 8.g4 e5 9.d5
Be7 10.h4 h5 11.g5 Nh7 12.Bh3 O-O 13.Nge2 f5 14.exf5 Bxf5 15.Bg2 c5 16.Ng3 g6
17.O-O a6 18.Nge4 Rab8 19.a4 b6 20.Ng3 Kg7 21.Qe2 Rh8 22.Rae1 Rbe8 23.Bd2 Rhf8
24.Nxf5+ Rxf5 25.Bh3 Rff8 26.Be6 Bd8 27.f4 exf4 28.Bxf4 Ne5 29.Bxe5+ dxe5
30.Qxe5+ Qxe5 31.Rxe5 Rxf1+ 32.Kxf1 Bc7 33.Re4 Nf8 34.Kg2 Re7 35.b3 Bd6 36.Bc8
Ra7 37.Be6 Rc7 38.Bh3 Rf7 39.Re8 Re7 40.Rxe7+ Bxe7 41.Ne4 Kf7 42.a5 bxa5 43.d6
Bd8 44.Nxc5 Bb6 45.Nxa6 Ne6 46.Bxe6+ Kxe6 47.c5 Bd8 48.Kf3 Kd7 49.Nb8+ {#r}
1-0

[Event "Ch Ukraine (1/2 final)"]
[Site "Alushta (Ukraine)"]
[Date "2006.05.15"]
[Round "3"]
[White "Strelnikov Sergey (UKR)"]
[Black "Kislinsky Alexey (UKR)"]
[Result "0-1"]
[WhiteElo "2323"]
[BlackElo "2495"]

1.d4 d6 2.c4 Nf6 3.Nc3 Bf5 4.f3 e5 5.e4 exd4 6.Qxd4 Nc6 7.Qf2 Be6 8.Nd5 Nd7
9.Bd2 a5 10.Bc3 Nc5 11.Qc2 Qd7 12.O-O-O Bxd5 13.exd5 Nb4 14.Qe2+ Be7 15.Bxg7
O-O-O 16.b3 Bg5+ 17.f4 Bxf4+ 18.Kb2 Rhe8 19.Qf3 f5 20.Bc3 Bh6 21.Bd4 Bg7
22.Ne2 Re4 23.Qc3 Rde8 24.Bxg7 Rxe2+ 25.Bxe2 Rxe2+ 26.Kb1 Ne4 27.Qd4 Nxa2
28.Rd3 Nb4 29.Rh3 Nc2 30.Qb2 Na3+ 31.Qxa3 Qxg7 32.Qa1 Nd2+ 33.Kc2 Nf1+ 34.Kd1
Rd2+ {#R} 0-1

[Event "Ch Ukraine (1/2 final)"]
[Site "Alushta (Ukraine)"]
[Date "2006.05.18"]
[Round "6"]
[White "Neschetny Viktor (UKR)"]
[Black "Pervakov Sergey (UKR)"]
[Result "1-0"]
[WhiteElo "2138"]
[BlackElo "2144"]

1.d4 Nf6 2.c4 d6 3.Nc3 Bf5 4.f3 e5 5.e4 exd4 6.Qxd4 Nc6 7.Qd2 Be6 8.b3 g6
9.Bb2 Bg7 10.Bd3 Ne5 11.Nge2 Nfd7 12.O-O O-O 13.Rad1 Qh4 14.Qe1 Qxe1 15.Rfxe1
Nxd3 16.Rxd3 Nc5 17.Rdd1 a5 18.Ba3 Na6 19.Nd5 Bxd5 20.cxd5 Nb4 21.Rd2 Rfe8
22.Bxb4 axb4 23.Rc2 Rec8 24.Rd1 Ra5 25.Kf1 b6 26.Rdc1 Rc5 27.Rc4 Ra8 28.R1c2
Kf8 29.Nc1 Bc3 30.Nd3 Rxc4 31.bxc4 Ra5 32.Ke2 Ke7 33.Ke3 Kd7 34.Nc1 Ra3 35.Nb3
c5 36.dxc6+ Kxc6 37.Kd3 Be5 38.g3 b5 39.f4 Bc3 40.Re2 Ra8 41.Nd4+ Bxd4 42.Kxd4
Ra3 43.Rd2 b3 44.cxb5+ Kd7 45.axb3 Rxb3 46.Kc4 Re3 47.e5 Re4+ 48.Kc3 Re3+
49.Kb4 Kc7 50.exd6+ Kd7 51.b6 Re1 52.Kb5 Rb1+ 53.Ka6 Ra1+ 54.Kb7 Rb1 55.Ka7
Ra1+ 56.Kb8 Rb1 57.b7 Rb3 58.Rc2 Rb1 59.Rc7+ {#r} 1-0

[Event "It (open)"]
[Site "Argentina"]
[Date "2006.08.12"]
[Round "5"]
[White "Iermito Sebastian (ARG)"]
[Black "Garcia Raimundo (ARG)"]
[Result "1/2-1/2"]
[WhiteElo "2185"]
[BlackElo "2337"]

1.d4 Nf6 2.c4 d6 3.Nc3 Bf5 4.f3 e5 5.e4 exd4 6.Qxd4 Nc6 7.Qd2 Be6 8.b3 g6
9.Bb2 Bg7 10.Nge2 O-O 11.g3 Ne5 12.Bg2 Bxc4 13.bxc4 Nxc4 14.Qc1 d5 15.O-O dxe4
16.Nd1 Nxb2 17.Nxb2 c6 18.Kh1 exf3 19.Bxf3 Nd7 20.Rb1 Ne5 21.Bg2 Qe7 22.Nf4
Rfe8 23.Nc4 Rad8 24.Nxe5 Bxe5 25.Qc2 Bxf4 26.Rxf4 Rd6 27.Qb3 b6 28.Rbf1 Rf8
29.Re4 Qd8 30.Qc4 c5 31.Ref4 Qd7 32.Bh3 Qc6+ 33.Bg2 Qd7 {#d} 1/2-1/2

[Event "Cup Independence (open)"]
[Site "Kiev (Ukraine)"]
[Date "2006.08.16"]
[Round "4"]
[White "Borzov Dmitri (UKR)"]
[Black "Kislinsky Alexey (UKR)"]
[Result "0-1"]
[WhiteElo "2205"]
[BlackElo "2495"]

1.d4 Nf6 2.c4 d6 3.Nc3 Bf5 4.f3 e5 5.e4 exd4 6.Qxd4 Be6 7.b3 g6 8.Bb2 Bg7
9.Qd2 O-O 10.Bd3 Nbd7 11.Nge2 a5 12.O-O Nc5 13.Rad1 a4 14.b4 Nxd3 15.Qxd3 Nd7
16.f4 Nb6 17.c5 dxc5 18.bxc5 Qxd3 19.Rxd3 Bc4 20.Rd2 Bxe2 21.Rxe2 a3 22.e5 Nd7
23.Bc1 Nxc5 24.Nb5 Ra5 25.Nxc7 Nd3 26.Be3 Rc8 27.Bb6 Ra4 28.g3 Bf8 29.Nd5 Rac4
30.Rd2 Nc5 31.Nf6+ Kg7 32.Rfd1 Rb4 33.Ba5 Rb2 34.Nd5 Ne4 35.Rg2 Rcc2 36.Rxc2
Rxc2 37.Rb1 Bc5+ 38.Kh1 Rxa2 39.Rxb7 Rb2 {#R} 0-1

[Event "It (open)"]
[Site "Velika Gorica (Croatia)"]
[Date "2006.08.21"]
[Round "4"]
[White "Rukavina Dario (CRO)"]
[Black "Zivkovic Vjekoslav (CRO)"]
[Result "1/2-1/2"]
[WhiteElo "2312"]
[BlackElo "2412"]

1.d4 Nf6 2.c4 d6 3.Nc3 Bf5 4.f3 e5 5.e4 exd4 6.Qxd4 Nc6 7.Qf2 Be6 8.Be3 Ne5
9.Nd5 c6 10.Nxf6+ Qxf6 11.Bd4 d5 12.O-O-O dxe4 13.Qe3 Bf5 14.fxe4 {#d} 1/2-1/2

[Event "Tournament (Elo) (a)"]
[Site "Budapest (Hungary)"]
[Date "2006.09.05"]
[Round "4"]
[White "Toth Gergely (HUN)"]
[Black "Nadassy Attila (HUN)"]
[Result "1-0"]
[WhiteElo "1912"]
[BlackElo "2139"]

1.d4 Nf6 2.c4 d6 3.Nc3 Bf5 4.f3 e5 5.e4 exd4 6.Qxd4 Nc6 7.Qd1 Be6 8.Bd3 g6
9.Nge2 Bg7 10.O-O O-O 11.Be3 Ne5 12.b3 Nxd3 13.Qxd3 Nd7 14.Rad1 a6 15.Qd2 Rc8
16.Bh6 Re8 17.Bxg7 Kxg7 18.Nd4 Qh4 19.f4 Nc5 20.f5 Bd7 21.Rf4 Qh6 22.b4 Na4
23.fxg6 Qxg6 24.Nxa4 Bxa4 25.Nf5+ Kf8 26.Rdf1 Bc6 27.Qd4 Re5 28.Nh4 Qh5 29.Qf2
Be8 30.g4 Rg5 31.h3 Kg8 32.Kh2 Qh6 33.Rf6 Qg7 34.Qf4 b5 35.c5 dxc5 36.e5 cxb4
37.e6 Kf8 38.exf7 Bd7 39.Qxb4+ c5 40.Qd2 Rc6 41.Qxd7 {#r} 1-0

[Event "Tournament (Elo) (b)"]
[Site "Budapest (Hungary)"]
[Date "2006.10.11"]
[Round "5"]
[White "Fries Thomas (USA)"]
[Black "Zoltan Andras (HUN)"]
[Result "0-1"]
[WhiteElo "1945"]
[BlackElo "2021"]

1.d4 d6 2.c4 Nf6 3.Nc3 Bf5 4.f3 e5 5.dxe5 dxe5 6.Qxd8+ Kxd8 7.e4 Bg6 8.Be3 Bb4
9.Ne2 Nbd7 10.a3 Bc5 11.Bxc5 Nxc5 12.Rd1+ Nfd7 13.Nc1 c6 14.g3 Kc7 15.Bh3 Rad8
16.b4 Ne6 17.Bxe6 fxe6 18.O-O Nb6 19.c5 Nc4 20.Kf2 Nd2 21.Rfe1 Rhf8 22.Kg2
Nxf3 23.Rf1 Rxd1 24.Rxd1 Ng5 25.Re1 Rd8 26.Re3 Rd2+ 27.N1e2 Bh5 28.h4 Nf7
29.Kf1 Nh6 30.Ke1 Rd7 31.Nc1 Ng4 32.Rd3 Rd4 33.Rf3 Nf6 34.Re3 Ng4 35.Rf3 Nh2
36.Rf8 Nf3+ 37.Kf2 Nd2 38.Rg8 Rd7 39.a4 Rf7+ 40.Ke3 Nf1+ 41.Kd3 Nxg3 42.b5 Bg6
43.Ra8 Rf3+ 44.Kc4 Nxe4 45.Nxe4 Bxe4 46.Rxa7 Kb8 47.b6 Bd5+ 48.Kb4 Rh3 49.a5
Rxh4+ 50.Ka3 Bc4 51.Na2 Rh3+ 52.Kb4 Ba6 53.Ka4 e4 {#R} 0-1

[Event "Ch France (team) (nat.2) 2006/07"]
[Site "France"]
[Date "2006.11.25"]
[Round "2"]
[White "Navrotescu Catalin (ROM)"]
[Black "Shirazi Kamran (FRA)"]
[Result "0-1"]
[WhiteElo "2394"]
[BlackElo "2406"]

1.d4 d6 2.c4 Nf6 3.Nc3 Bf5 4.f3 e5 5.e4 exd4 6.Qxd4 Be6 7.Be3 g6 8.b3 Bg7
9.Nge2 O-O 10.Qd2 Nc6 11.Nf4 a5 12.Rd1 Nd7 13.Be2 Nc5 14.O-O a4 15.Bxc5 dxc5
16.Qxd8 Rfxd8 17.Nxa4 Bd4+ 18.Kh1 Nb4 19.Nxe6 fxe6 20.f4 Nxa2 21.Bg4 Kf7 22.f5
Ke7 23.fxe6 Rf8 24.Rf3 b6 25.h4 h5 26.Bh3 Rxf3 27.gxf3 Rf8 28.Kg2 Nb4 29.Kg3
Rd8 30.Rf1 Bf6 31.f4 Rd3+ 32.Kg2 Nc2 33.e5 Ne3+ 34.Kf2 Nxf1 35.exf6+ Kxf6
36.Bxf1 Rxb3 37.f5 Ra3 38.Nxc5 bxc5 39.fxg6 Kxg6 40.Be2 Rh3 41.Bxh5+ Kf6 {#R}
0-1

[Event "Ch Spain (open)"]
[Site "Leon (Spain)"]
[Date "2006.11.27"]
[Round "6"]
[White "Perez Ruiz Santiago (ESP)"]
[Black "Rodriguez Rodriguez Antonio (ESP)"]
[Result "0-1"]
[WhiteElo "1784"]
[BlackElo "2297"]

1.d4 Nf6 2.c4 d6 3.Nc3 Bf5 4.f3 e5 5.d5 e4 6.Bg5 Be7 7.Qb3 Nbd7 8.g4 Nc5 9.Qd1
Bg6 10.b4 Ncd7 11.h4 h6 12.Bf4 a5 13.a3 Nxg4 14.fxg4 Bxh4+ 15.Kd2 e3+ 16.Kxe3
Nb6 17.Qb3 O-O 18.Nf3 a4 19.Qa2 Bf6 20.Rc1 c6 21.Kf2 Bxc3 22.Rxc3 cxd5 23.cxd5
Be4 24.g5 Nxd5 25.Rc4 Re8 26.Bc1 Qb6+ 27.Kg3 Ne3 28.Bxe3 Qxe3 29.gxh6 Re6
30.Bh3 Rg6+ 31.Bg4 d5 32.h7+ Kh8 33.Rc7 f5 34.Rh4 Bxf3 35.exf3 Qe5+ 36.Kf2
Qxc7 37.Qxd5 fxg4 38.fxg4 Rf8+ 39.Kg2 Qc6 40.Qxc6 bxc6 41.Kg3 Rh6 {#R} 0-1

[Event "Ch Region (youth)"]
[Site "Voronezh (Russia)"]
[Date "2006.12.02"]
[Round "7"]
[White "Vorotnikov Vlad (RUS)"]
[Black "Elfimov Kirill (RUS)"]
[Result "0-1"]
[WhiteElo "2110"]
[BlackElo "1976"]

1.d4 Nf6 2.c4 d6 3.Nc3 Bf5 4.f3 e5 5.e4 exd4 6.Qxd4 Be6 7.Be3 g6 8.Nge2 Nc6
9.Qd3 Ne5 10.Qc2 Nxc4 11.Bg5 Bg7 12.Nd4 Nb6 13.Rd1 h6 14.Ncb5 O-O 15.Bxf6 Qxf6
16.Qxc7 d5 17.Bd3 dxe4 18.Bxe4 Nd5 19.Qc1 a6 20.Nxe6 fxe6 21.Nd4 Nf4 22.Qc4
Rad8 23.Nxe6 Rxd1+ 24.Kxd1 Re8 {#R} 0-1

[Event "Ch Chess Club"]
[Site "Novosibirsk (Russia)"]
[Date "2007.01.23"]
[Round "7"]
[White "Survilo Alla (RUS)"]
[Black "Zubarev Alexander (RUS)"]
[Result "1-0"]
[WhiteElo "2019"]
[BlackElo "1939"]

1.d4 d6 2.c4 Bf5 3.Nc3 Nf6 4.f3 Bg6 5.e4 Nbd7 6.Be3 e5 7.d5 c6 8.Nge2 cxd5
9.Nxd5 Nxd5 10.Qxd5 Qc7 11.Nc3 Nb6 12.Qb5+ Qc6 13.Bxb6 axb6 14.Nd5 Qxb5
15.cxb5 O-O-O 16.Nxb6+ Kb8 17.g4 f6 18.Bc4 h5 19.gxh5 Bxh5 20.Ke2 f5 21.Bd5
fxe4 22.Bxe4 Be8 23.a4 Rh4 24.Nd5 Bh5 25.Kd3 Bf7 26.Ke2 Rc8 27.Rad1 Rc4 28.Nb6
Rcxe4+ 29.fxe4 Bh5+ 30.Kd3 Bxd1 31.Rxd1 Be7 32.Rd2 Bg5 33.Rc2 Rh3+ 34.Kc4 Be3
35.Rc3 Rxh2 36.Rxe3 {#r} 1-0

[Event "It (open)"]
[Site "Gijon (Spain)"]
[Date "2007.06.30"]
[Round "7"]
[White "Menendez Solar Jose Carlos (ESP)"]
[Black "Fernandez Cueto Ruben (ESP)"]
[Result "1-0"]
[WhiteElo "1895"]
[BlackElo "1983"]

1.d4 Nf6 2.c4 d6 3.Nc3 Bf5 4.f3 e5 5.e4 exd4 6.Nce2 Bd7 7.Nxd4 Nc6 8.Nxc6 bxc6
9.Bd3 g6 10.Ne2 Bg7 11.O-O O-O 12.Qc2 Rb8 13.Be3 c5 14.Rad1 Be6 15.b3 Qe7
16.Nf4 a5 17.Qf2 Nd7 18.Rd2 Ne5 19.Nd5 Bxd5 20.cxd5 Rb4 21.Qe2 h5 22.h3 Rfb8
23.Bc2 a4 24.f4 axb3 25.axb3 Nd7 26.Qf3 Rxb3 27.Bxb3 Rxb3 28.e5 dxe5 29.f5 e4
30.Qf2 Rc3 31.fxg6 fxg6 32.Kh1 Be5 33.Ra2 Nb6 34.Bg5 Qg7 35.d6 cxd6 36.Ra7 Nd7
37.Rxd7 Qxd7 38.Qf8+ Kh7 {#r} 1-0

[Event "Cup Independence (open)"]
[Site "Kiev (Ukraine)"]
[Date "2007.08.14"]
[Round "2"]
[White "Grinev Valeriy (UKR)"]
[Black "Zhizmer Yuri (UKR)"]
[Result "1/2-1/2"]
[WhiteElo "2271"]
[BlackElo "2319"]

1.d4 Nf6 2.c4 d6 3.Nc3 Bf5 4.f3 e5 5.e4 exd4 6.Qxd4 Be6 7.b3 g6 8.Bb2 Bg7
9.Qd2 O-O 10.Bd3 Nc6 11.Nge2 Nd7 {#d} 1/2-1/2

[Event "Cup Independence (open)"]
[Site "Kiev (Ukraine)"]
[Date "2007.08.18"]
[Round "6"]
[White "Zakharchenko Arnold (UKR)"]
[Black "Zhizmer Yuri (UKR)"]
[Result "0-1"]
[WhiteElo "2307"]
[BlackElo "2319"]

1.d4 Nf6 2.c4 d6 3.Nc3 Bf5 4.f3 e5 5.e4 exd4 6.Qxd4 Be6 7.Be3 Be7 8.Nd5 Nc6
9.Qd2 O-O 10.Ne2 Nd7 11.Nec3 Nb6 12.Be2 f5 13.exf5 Bxf5 14.O-O Nxd5 15.Nxd5
Kh8 16.Nxe7 Qxe7 17.Rae1 Rae8 18.Bf2 Qf7 19.b3 b6 20.Bd3 Bxd3 21.Qxd3 Rxe1
22.Rxe1 Re8 23.Rxe8+ Qxe8 24.f4 a5 25.a3 Qg6 26.Qxg6 hxg6 27.Kf1 a4 28.bxa4
Na5 29.Ke2 Nxc4 30.Kd3 d5 31.Bh4 c5 32.Bd8 Nb2+ {#R} 0-1

[Event "It (open)"]
[Site "Velika Gorica (Croatia)"]
[Date "2007.08.18"]
[Round "1"]
[White "Okrosa Marijan (CRO)"]
[Black "Zivkovic Vjekoslav (CRO)"]
[Result "1/2-1/2"]
[WhiteElo "2069"]
[BlackElo "2426"]

1.d4 Nf6 2.c4 d6 3.Nc3 Bf5 4.f3 e5 5.e4 exd4 6.Qxd4 Nc6 7.Qf2 Be6 8.Be3 Ne5
9.b3 a5 10.Qc2 g6 11.Nge2 Bg7 12.Nf4 O-O 13.Be2 c6 14.Rd1 Qe7 15.O-O Rfc8
16.Na4 Ned7 17.Qd2 Bf8 18.Bb6 d5 19.exd5 cxd5 20.Nxe6 Qxe6 21.cxd5 Nxd5 {#d}
1/2-1/2

[Event "It (open)"]
[Site "Paington (England)"]
[Date "2007.09.02"]
[Round "1"]
[White "Wheeler John Francis (ENG)"]
[Black "Cutmore David A (ENG)"]
[Result "1/2-1/2"]
[WhiteElo "2161"]
[BlackElo "2043"]

1.d4 Nf6 2.c4 d6 3.Nc3 Bf5 4.f3 e5 5.dxe5 dxe5 6.Qxd8+ Kxd8 7.e4 Be6 8.Be3 c6
9.Bd3 Nbd7 10.Nge2 Kc7 11.b3 Ba3 12.O-O Nc5 13.Bc2 Bd7 14.h3 Ne6 15.Rad1 g5
16.Kh2 h5 17.Nb1 Be7 18.Bc1 Ne8 19.Bb2 f6 20.a3 h4 21.b4 N8g7 22.Bb3 Nh5 23.c5
Nef4 24.Nxf4 Nxf4 25.Bc1 Be6 26.Bxe6 Nxe6 27.Be3 a5 28.Nc3 axb4 29.axb4 Ra3
{#d} 1/2-1/2

[Event "It (open)"]
[Site "Rijeka (Croatia)"]
[Date "2007.12.02"]
[Round "9"]
[White "Tomljanovic Goran (CRO)"]
[Black "Pandurevic Miro (CRO)"]
[Result "1-0"]
[WhiteElo "2127"]
[BlackElo "2270"]

1.d4 Nf6 2.c4 d6 3.Nc3 Bf5 4.f3 e5 5.d5 e4 6.g4 Nxg4 7.fxg4 Qh4+ 8.Kd2 e3+
9.Kxe3 Qg5+ 10.Kf2 Qh4+ 11.Kg2 Qxg4+ 12.Kf2 Be7 13.Nf3 Bh4+ 14.Nxh4 Qxh4+
15.Kg1 Nd7 16.Bg2 Qxc4 17.e4 Qc5+ 18.Kf1 Bg6 19.Qe2 a6 20.Be3 Qb4 21.a3 Qb3
22.Bd4 O-O 23.Bh3 f5 24.Kg1 Rae8 25.Rf1 c5 26.dxc6 bxc6 27.Qxa6 Rxe4 28.Nxe4
Qxh3 29.Nf2 Qh4 30.Re1 Ne5 31.Bxe5 {#r} 1-0

[Event "Ch France (team) (nat.1) 2007/08"]
[Site "France"]
[Date "2007.12.16"]
[Round "5"]
[White "Colin Vincent (FRA)"]
[Black "Belkhodja Slim (TUN)"]
[Result "0-1"]
[WhiteElo "2399"]
[BlackElo "2478"]

1.d4 Nf6 2.c4 d6 3.Nc3 Bf5 4.f3 e5 5.d5 e4 6.Be3 h5 7.Bd4 c5 8.dxc6 Nxc6
9.Bxf6 Qxf6 10.fxe4 Be6 11.e3 g6 12.Nf3 Bg7 13.Qxd6 Rd8 14.Qc5 Bf8 15.Qg5 Qxg5
16.Nxg5 Bc5 17.Nd5 Ne5 18.Be2 Bxd5 19.exd5 Bxe3 20.h4 f6 21.Rh3 Bb6 22.Ne6 Rd6
23.Ra3 Ke7 24.c5 Rxe6 25.dxe6 Bxc5 26.Ra4 Kxe6 27.Rc1 Bb6 28.Bc4+ Ke7 29.Rd1
Rc8 30.Bd5 Rc7 31.Ke2 f5 32.Bb3 Nc6 33.Kf3 Kf6 34.Rd6+ Kg7 35.Rd7+ {#R} 0-1

[Event "It (open) (b)"]
[Site "Zupanja (Croatia)"]
[Date "2008.01.03"]
[Round "1"]
[White "Patarcic Domagoj (CRO)"]
[Black "Pandurevic Miro (CRO)"]
[Result "0-1"]
[WhiteElo "1998"]
[BlackElo "2250"]

1.d4 Nf6 2.c4 d6 3.Nc3 Bf5 4.f3 e5 5.dxe5 dxe5 6.Qxd8+ Kxd8 7.e4 Be6 8.Bg5 Nd7
9.O-O-O Be7 10.Kc2 c6 11.b3 Kc7 12.f4 h6 13.Bxf6 Nxf6 14.f5 Bd7 15.Be2 Bb4
16.Bf3 h5 17.h3 g6 18.fxg6 fxg6 19.Nge2 g5 20.g3 g4 21.Bg2 gxh3 22.Bxh3 Ng4
23.Bxg4 Bxg4 24.Rdf1 Raf8 25.Nc1 Bf3 26.Rhg1 Bc5 27.Nd3 Bxg1 28.Rxg1 Kd6 29.b4
Rhg8 30.b5 h4 {#R} 0-1

[Event "It (open) (b)"]
[Site "Zupanja (Croatia)"]
[Date "2008.01.06"]
[Round "5"]
[White "Mikanovic Sandro (BIH)"]
[Black "Pandurevic Miro (CRO)"]
[Result "1/2-1/2"]
[WhiteElo "2190"]
[BlackElo "2250"]

1.d4 Nf6 2.c4 d6 3.Nc3 Bf5 4.f3 e5 5.e4 exd4 6.Qxd4 Nc6 7.Qd2 Be6 8.b3 a5
9.Bb2 Be7 10.Bd3 Ne5 11.Nge2 a4 12.Nd5 Nxd5 13.cxd5 Bh4+ 14.Ng3 Bg5 15.Qe2 Bd7
16.O-O Bf4 17.Rfd1 O-O 18.Nf1 f5 19.g3 Nxd3 20.Qxd3 fxe4 21.Qxe4 Bg5 22.f4 Bf6
23.Qg2 c6 24.Bxf6 Rxf6 25.Qd2 Bg4 26.Re1 Bf3 27.dxc6 bxc6 28.b4 a3 29.Qf2 Bh5
30.Rac1 Qd7 31.Qb6 Bf7 32.Re3 Bxa2 33.Ra1 Qf7 34.Qxc6 Bd5 35.Qc3 a2 36.Ree1
Qa7+ 37.Ne3 Bf7 38.Kf1 Qb7 39.Kf2 Rb8 40.Nc2 Rc8 41.Qb2 Qa7+ 42.Ne3 Re8 43.b5
Rb8 44.Re2 Bc4 45.Rxa2 Bxa2 46.Qxa2+ Qxa2 47.Rxa2 Rxb5 48.Rd2 Re6 49.Rd3 Rb2+
50.Kf3 Rxh2 51.Nf5 h5 52.Nxd6 h4 53.Ne4 Re8 54.Rd4 h3 55.Ng5 Rh1 56.Rd2 Kf8
57.Kg4 h2 58.Nf3 Re3 59.Nxh2 Rb1 60.Rg2 Rbb3 61.Kh4 Re4 62.Ra2 Kg8 63.Ra5 Ree3
64.Rg5 Re1 65.Kg4 Re2 66.Rh5 Ree3 67.Rh3 Kf7 68.Nf1 Re6 69.Nd2 Rg6+ 70.Kh4 Rb8
71.g4 Rd6 72.Nf3 Rb4 73.Ng5+ Kg6 74.Rf3 Rd1 75.Nh3 Rb2 76.Rc3 Rb6 77.Re3 Rd8
78.Rf3 Rbd6 79.Ra3 Rd3 80.f5+ Kf6 81.Rxd3 Rxd3 82.Nf4 Rd6 83.Nh5+ Kf7 84.Kg5
g6 85.Nf4 gxf5 86.gxf5 Rd1 87.Nh5 Rh1 88.Ng3 Rg1 89.Kf4 Rg2 90.Ne4 {#d}
1/2-1/2

[Event "Ch Germany (juniors) (Internet) (under 14) (qual3)"]
[Site "Internet"]
[Date "2008.06.08"]
[Round "7"]
[White "Stukenbrok Nils"]
[Black "Yankelevich Lev (GER)"]
[Result "0-1"]
[WhiteElo "1655"]
[BlackElo "2072"]

1.d4 Nf6 2.c4 d6 3.Nc3 Bf5 4.f3 e5 5.e4 exd4 6.Nce2 Be6 7.Nxd4 Nc6 8.Nxc6 bxc6
9.Ne2 d5 10.cxd5 cxd5 11.e5 Nd7 12.Qa4 Be7 13.Nd4 O-O 14.Nc6 Qe8 15.Nxe7+ Qxe7
16.Bf4 Nb6 17.Qc2 Qb4+ 18.Qd2 Qe7 19.Bd3 Nc4 20.Bxc4 dxc4 21.O-O Rfd8 22.Qc2
Qc5+ 23.Kh1 Rd3 24.Rad1 Rad8 25.Rxd3 Rxd3 26.Rd1 Bf5 27.Rxd3 Bxd3 28.Qd2 Qd5
29.Qb4 h6 30.Qb8+ Kh7 31.Qxc7 Bg6 32.Qd6 Qa5 33.h3 Qe1+ 34.Kh2 Qb1 35.e6 fxe6
36.Qxe6 Qxb2 37.Be5 Qb7 38.Qxc4 Qe7 39.Qd4 Bf5 40.g4 Bg6 41.f4 Qb7 42.f5 Be8
43.Qd8 Ba4 44.f6 Qf3 45.Qd2 Qe4 46.Qd4 Qe2+ 47.Kg3 Bd1 48.Kf4 Qf3# 0-1

[Event "Ch Germany (juniors) (Internet) (under 14) (qual4)"]
[Site "Internet"]
[Date "2008.06.11"]
[Round "6"]
[White "Stukenbrok Nils"]
[Black "Yankelevich Lev (GER)"]
[Result "1-0"]
[WhiteElo "1634"]
[BlackElo "2072"]

1.d4 Nf6 2.c4 d6 3.Nc3 Bf5 4.f3 e5 5.e4 exd4 6.Qxd4 Nc6 7.Qf2 Be6 8.Be3 Be7
9.O-O-O Qd7 10.c5 O-O-O 11.cxd6 Bxd6 12.f4 Qe7 13.e5 Ng4 14.Qf3 Nxe3 15.exd6
Rxd6 16.Qxe3 Rxd1+ 17.Nxd1 Rd8 18.Nf3 Qb4 19.Qc3 Qxf4+ 20.Nd2 Bxa2 21.Be2 b6
22.Qe3 Qa4 23.Nc3 Qa5 24.Bg4+ Kb8 25.Nxa2 Qxa2 26.Qa3 Qd5 27.Rd1 Na5 28.Bf3
Qd7 29.Nb3 Nxb3+ 30.Qxb3 Qe7 31.Rxd8+ Qxd8 32.Qxf7 Qg5+ 33.Kb1 Qh4 34.Qf8+
{#r} 1-0

[Event "It (open)"]
[Site "Gorges (France)"]
[Round "2"]
[White "Delaunay Sebastien (FRA)"]
[Black "Chabradze Boris (GEO)"]
[Result "1-0"]
[WhiteElo "2370"]
[BlackElo "2188"]

1.d4 Nf6 2.c4 d6 3.Nc3 Bf5 4.f3 e5 5.d5 e4 6.e3 Nbd7 7.Nge2 exf3 8.gxf3 Ne5
9.Ng3 Bd7 10.f4 Bg4 11.Be2 Bxe2 12.Qxe2 Ng6 13.e4 Qd7 14.e5 dxe5 15.fxe5 O-O-O
16.exf6 Re8 17.Be3 Bc5 18.Nge4 Bxe3 19.Qxe3 gxf6 20.O-O-O f5 21.Qxa7 {#r} 1-0

[Event "It (open)"]
[Site "Charleroi (Belgium)"]
[Round "7"]
[White "Colin Vincent (FRA)"]
[Black "Le Quang Kim (BEL)"]
[Result "1-0"]
[WhiteElo "2421"]
[BlackElo "2310"]

1.d4 Nf6 2.c4 d6 3.Nc3 Bf5 4.f3 e5 5.d5 e4 6.e3 Be7 7.Nge2 exf3 8.gxf3 Nh5
9.e4 Bh4+ 10.Kd2 Bg6 11.f4 Nf6 12.Bg2 Bh5 13.Qf1 Nbd7 14.Ng3 g6 15.b3 O-O
16.Bb2 c6 17.Bf3 Bxf3 18.Qxf3 Re8 19.dxc6 bxc6 20.Rad1 d5 21.e5 dxc4 22.Kc2
cxb3+ 23.axb3 Nd5 24.Nxd5 cxd5 25.Qxd5 Qc8+ 26.Kb1 Nb6 27.Qf3 Rb8 28.Ne4 Qf5
29.Rd3 Be7 30.Ng3 Qh3 31.f5 Bh4 32.e6 Re7 33.Rhd1 fxe6 34.f6 Reb7 35.Rd8+ Kf7
36.Rxb8 Rxb8 37.Qc6 Bxg3 38.Rd7+ Kg8 39.f7+ Kf8 40.Qc5+ {#r} 1-0

[Event "It \"]
[Site "Peterhof (Russia)"]
[Date "2008.08.09"]
[Round "8"]
[White "Sorokina Anastasia (AUS)"]
[Black "Dimitrov Dejan (BUL)"]
[Result "1/2-1/2"]
[WhiteElo "2194"]
[BlackElo "2046"]

1.d4 d6 2.c4 Nf6 3.Nc3 Bf5 4.f3 e5 5.e4 exd4 6.Qxd4 Nc6 7.Qf2 Be6 8.Nd5 Nd7
9.Ne2 Nce5 10.Ng3 Nc5 11.Qd4 h5 12.h4 Bxd5 13.cxd5 Be7 14.Nf5 Bf6 15.Bg5 Bxg5
16.hxg5 Qxg5 17.b4 Ncd7 18.Qf2 Qf6 19.Rc1 g6 20.Nd4 O-O 21.Be2 c5 22.dxc6 Nxc6
23.Nxc6 bxc6 24.O-O Qb2 25.Rxc6 Qxb4 26.Rd1 Nb6 27.Rcxd6 Rac8 28.Bf1 Qc5
29.R6d4 Qc2 30.R4d2 Qc5 31.Rd4 Qc2 {#d} 1/2-1/2

[Event "Ch Bosnia & Herzegovina (team) (1 liga) (a)"]
[Site "Neum (Bosnia & Herzegovina)"]
[Date "2008.08.23"]
[Round "1"]
[White "Hodzic Nihad (BIH)"]
[Black "Sutkovic Damir (BIH)"]
[Result "0-1"]
[WhiteElo "2258"]
[BlackElo "2347"]

1.d4 Nf6 2.c4 d6 3.Nc3 Bf5 4.f3 e5 5.d5 e4 6.e3 exf3 7.Nxf3 Na6 8.Nd4 Bg4
9.Be2 Bxe2 10.Qxe2 g6 11.O-O Bg7 12.e4 Nd7 13.Nf3 O-O 14.Bg5 Qe8 15.Nb5 h6
16.Bh4 Ne5 17.Rae1 Nxf3+ 18.Rxf3 Qe5 19.b3 Rae8 20.Qd1 Qh5 21.Bg3 Re7 22.Qb1
Rfe8 23.Nxa7 Bd4+ 24.Bf2 Bxa7 25.Bxa7 b6 26.b4 Qe5 27.Ra3 Qd4+ 28.Kh1 Qxc4
29.h3 Nxb4 30.Ra4 Rxe4 31.Rc1 Qxc1+ 32.Qxc1 Re1+ 33.Qxe1 Rxe1+ 34.Kh2 Nxd5
35.Rd4 Re5 36.Bb8 Re8 37.Rxd5 Rxb8 38.Rd2 Ra8 39.Kg3 Kf8 40.Re2 b5 41.h4 Ra3+
42.Kf2 h5 43.Ke1 c5 44.Kd1 Ra4 45.g3 Ra3 46.Rg2 b4 {#R} 0-1